| 000 -LEADER |
| fixed length control field |
00837nam a22001937a 4500 |
| 005 - DATE AND TIME OF LATEST TRANSACTION |
| control field |
20231213123347.0 |
| 008 - FIXED-LENGTH DATA ELEMENTS--GENERAL INFORMATION |
| fixed length control field |
231213s1983 ru ||||| |||| 00| 0 rus d |
| 041 ## - LANGUAGE CODE |
| Language code of text/sound track or separate title |
rus |
| 080 ## - UNIVERSAL DECIMAL CLASSIFICATION NUMBER |
| Universal Decimal Classification number |
821.412'01.09-343 Л-61 |
| 100 ## - MAIN ENTRY--PERSONAL NAME |
| Personal name |
Липинская, Ядвига |
| 9 (RLIN) |
20696 |
| 245 ## - TITLE STATEMENT |
| Title |
Мифология Древнего Египта / |
| Statement of responsibility, etc. |
Ядвига Липинская, Марек Марциняк. |
| 264 ## - PRODUCTION, PUBLICATION, DISTRIBUTION, MANUFACTURE, AND COPYRIGHT NOTICE |
| Place of production, publication, distribution, manufacture |
Москва : |
| Name of producer, publisher, distributor, manufacturer |
Искусство, |
| Date of production, publication, distribution, manufacture, or copyright notice |
1983. |
| 300 ## - PHYSICAL DESCRIPTION |
| Extent |
222 с. : |
| Other physical details |
ил.; |
| Dimensions |
16 см. |
| 653 ## - INDEX TERM--UNCONTROLLED |
| keyword |
ეგვიპტური მითები |
| 653 ## - INDEX TERM--UNCONTROLLED |
| keyword |
ეგვიპტური ლეგენდები და ტრადიციები |
| 653 ## - INDEX TERM--UNCONTROLLED |
| keyword |
ეგვიპტური ფოლკლორი |
| 700 ## - ADDED ENTRY--PERSONAL NAME |
| Personal name |
Марциняк, Марек |
| Relator term |
ავტორი |
| 9 (RLIN) |
20697 |
| 942 ## - ADDED ENTRY ELEMENTS (KOHA) |
| Source of classification or shelving scheme |
|
| Koha item type |
წიგნი |